<?xml version="1.0" encoding="UTF-8"?><?xml-stylesheet type="text/xsl" href="static/style.xsl"?><OAI-PMH xmlns="http://www.openarchives.org/OAI/2.0/" xmlns:xsi="http://www.w3.org/2001/XMLSchema-instance" xsi:schemaLocation="http://www.openarchives.org/OAI/2.0/ http://www.openarchives.org/OAI/2.0/OAI-PMH.xsd"><responseDate>2026-04-13T04:58:03Z</responseDate><request verb="GetRecord" identifier="oai:www.recercat.cat:2072/463874" metadataPrefix="marc">https://recercat.cat/oai/request</request><GetRecord><record><header><identifier>oai:recercat.cat:2072/463874</identifier><datestamp>2025-04-03T08:20:42Z</datestamp><setSpec>com_2072_98</setSpec><setSpec>col_2072_378192</setSpec></header><metadata><record xmlns="http://www.loc.gov/MARC21/slim" xmlns:dcterms="http://purl.org/dc/terms/" xmlns:xsi="http://www.w3.org/2001/XMLSchema-instance" xmlns:doc="http://www.lyncode.com/xoai" xsi:schemaLocation="http://www.loc.gov/MARC21/slim http://www.loc.gov/standards/marcxml/schema/MARC21slim.xsd">
   <leader>00925njm 22002777a 4500</leader>
   <datafield ind2=" " ind1=" " tag="042">
      <subfield code="a">dc</subfield>
   </datafield>
   <datafield ind2=" " ind1=" " tag="720">
      <subfield code="a">Krotz, Friedrich</subfield>
      <subfield code="e">author</subfield>
   </datafield>
   <datafield ind2=" " ind1=" " tag="260">
      <subfield code="c">2022</subfield>
   </datafield>
   <datafield ind2=" " ind1=" " tag="520">
      <subfield code="a">Este texto proporciona una introducción a la investigación de mediatización más reciente, con el foco en los conceptos y consideraciones desarrollados en el marco del programa prioritario de la Fundación Alemana para la Investigación Científica (DFG) Mundos Mediatizados. En primer lugar, se ocupa de consideraciones conceptuales y epistemológicas fundamentales. En la segunda parte del artículo, se discuten los conceptos subyacentes de medios, sistema mediático y cambio mediático. En particular, aquí se trabaja y elabora sobre el surgimiento de una infraestructura digital controlada por computadora. La tercera parte del artículo se ocupa principalmente de la cuestión de cómo el cambio mediático, por lo general, conduce a transformaciones en la vida cotidiana, la cultura y la sociedad. También se presentan aquí algunas conclusiones a través de múltiples proyectos interconectados. En una parte final concisa, se hace referencia, entre otras cosas, a un plan tentativo sobre los posibles caminos o trayectorias de la mediatización, además de presentar consideraciones para una investigación crítica de la mediatización.</subfield>
   </datafield>
   <datafield ind2=" " ind1=" " tag="520">
      <subfield code="a">This text provides an introduction to the most recent mediatization research, with a focus on the concepts and reflective elaborations developed in the framework of the DFG priority program Mediatized Worlds. Firstly, it deals with fundamental conceptual and epistemological considerations. In the second part of the article, the underlying concepts of 'media', 'media system' and 'media change' are discussed. In particular, this section elaborates on the emergence of a computer-controlled digital infrastructure. The third part of the article deals mainly with the question of how media change generally leads to transformations in everyday life, culture and society. Some conclusions across multiple interconnected projects are also presented here. In a concise final section, reference is made, among other things, to a tentative plan on the possible paths of mediatization, in addition to putting forward some considerations for a critical investigation of mediatization.</subfield>
   </datafield>
   <datafield tag="653" ind2=" " ind1=" ">
      <subfield code="a">Mediatización</subfield>
   </datafield>
   <datafield tag="653" ind2=" " ind1=" ">
      <subfield code="a">Cambio mediático</subfield>
   </datafield>
   <datafield tag="653" ind2=" " ind1=" ">
      <subfield code="a">Procesos de transformación</subfield>
   </datafield>
   <datafield tag="653" ind2=" " ind1=" ">
      <subfield code="a">Mundos sociales</subfield>
   </datafield>
   <datafield tag="653" ind2=" " ind1=" ">
      <subfield code="a">Cambios en la vida cotidiana</subfield>
   </datafield>
   <datafield tag="653" ind2=" " ind1=" ">
      <subfield code="a">Mediatization</subfield>
   </datafield>
   <datafield tag="653" ind2=" " ind1=" ">
      <subfield code="a">Media change</subfield>
   </datafield>
   <datafield tag="653" ind2=" " ind1=" ">
      <subfield code="a">Transformation processes</subfield>
   </datafield>
   <datafield tag="653" ind2=" " ind1=" ">
      <subfield code="a">Social worlds</subfield>
   </datafield>
   <datafield tag="653" ind2=" " ind1=" ">
      <subfield code="a">Changes in everyday life</subfield>
   </datafield>
   <datafield ind2="0" ind1="0" tag="245">
      <subfield code="a">Mediatización : un concepto de investigación</subfield>
   </datafield>
</record></metadata></record></GetRecord></OAI-PMH>